| 000 | 00428nam a2200169 i 4500 | ||
|---|---|---|---|
| 001 | 104443 | ||
| 003 | ES-MaACL | ||
| 005 | 20230906183614.0 | ||
| 007 | t| | ||
| 008 | 051130s1968 sp ||||1| spa d | ||
| 100 | 1 |
_aMiller, Gabriel. _981206 |
|
| 245 | 1 | 4 |
_aLos "Kibutz" / _cGabriel Miller. |
| 250 | _a[1ยช ed.]. | ||
| 260 |
_aMadrid : _bZYX, _c1968. |
||
| 300 |
_a45 p. ; _c17 cm. |
||
| 852 |
_aES-MaACL _j2064-F-2 _bR.67275 |
||
| 999 |
_c104443 _d104443 |
||